Statistiques concernant Les 40 joueurs sud-américains les plus chères

Cliquez ici pour prendre le quiz!

Statistiques générales

  • Ce quiz a été pris 138 fois
  • Le résultat moyen est 26 sur 40

Statistiques - réponses

ClubNationalitéValeurNOM% Correct
Real MadridBrésil150 MVinicius Jr
99%
InterArgentine100 MLautaro Martinez
95%
Real MadridBrésil100 MRodrygo
95%
Real MadridUruguay100 MFederico Valverde
91%
Manchester UnitedArgentine50 MLisandro Martinez
91%
Al-HilalBrésil50 MNeymar Jr
89%
Paris SGBrésil65 MMarquinhos
86%
Chelsea FCArgentine80 MEnzo Fernandez
85%
ArsenalBrésil80 MGabriel Martinelli
85%
Liverpool FCColombie75 MLuis Diaz
85%
ArsenalBrésil75 MGabriel Jesus
84%
Manchester CityArgentine80 MJulian Alvarez
84%
Liverpool FCUruguay65 MDarwin Nunez
83%
Paris SGUruguay55 MManuel Ugarte
82%
FC BarceloneUruguay70 MRonald Araujo
82%
West Ham UtdBrésil65 MLucas Paqueta
79%
ChelseaEquateur90 MMoises Caicedo
79%
Liverpool FCArgentine65 MAlexis Mac Allister
75%
Newcastle UtdBrésil85 MBruno Guimaraes
75%
Real MadridBrésil70 MGabriel Militao
75%
ArsenalBrésil55 MGabriel
74%
Atletico MadridArgentine40 MRodrigo de Paul
69%
Manchester UnitedBrésil50 MAntony
67%
FC BarceloneBrésil60 MRaphinha
67%
TottenhamArgentine60 MChristian Romero
65%
Manchester UnitedBrésil40 MCasemiro
56%
Manchester CityBrésil40 MEderson
55%
TottenhamBrésil40 MRicharlison
55%
Liverpool FCBrésil35 MAlisson
50%
Newcastle UtdBrésil42 MJoelinton
48%
Aston VillaBrésil55 MDouglas Luiz
45%
JuventusBrésil40 MBremer
44%
Al-IttihadBrésil38 MFabinho
43%
TottenhamUruguay40 MRodrigo Bentancur
37%
Atletico MadridUruguay35 MJosé Maria Gimenez
36%
Atletico MadridArgentine50 MNahuel Molina
32%
Bayer LeverkusenArgentine35 MExequiel Palacios
31%
Bayer LeverkusenEquateur35 MPiero Hincapie
25%
BrightonEquateur35 MPervis Estupinan
22%
ACF FiorentinaArgentine35 MNicolas Gonzalez
21%

Distribution des résultats

Percentile par nombre de réponses

% des personnes avec chaque résultat

Votre développement - résultats

Vous n’avez pas pris ce quiz